书目信息 |
| 题名: |
汉语轻松阅读
|
|
| 作者: | ||
| 分册: | 中国民间幽默 | |
| 出版信息: | 北京 外文出版社 2006 |
|
| 页数: | 129页 | |
| 开本: | 24cm | |
| 丛书名: | ||
| 单 册: | ||
| 中图分类: | H195.5 | |
| 科图分类: | ||
| 主题词: | 汉语--阅读教学--对外汉语教学--教材 , 汉语 , 阅读教学 | |
| 电子资源: | ||
| ISBN: | 7-119-04355-2 | |
| 000 | 00778nam0 2200253 450 | |
| 001 | 003258995 | |
| 005 | 20070805092422.81 | |
| 010 | @a7-119-04355-2@dCNY20.00 | |
| 035 | @a003258995 | |
| 100 | @a20060104d2006 em y0chiy0110 ea | |
| 101 | 0 | @achi@ager |
| 102 | @aCN@b110000 | |
| 105 | @aa z 000dy | |
| 106 | @ar | |
| 200 | 1 | @a汉语轻松阅读@Ahan yu qing song yue du@i中国民间幽默@Izhong guo min jian you mo@dChinesisch lustig lesen@iChinesische Volkshumore@zger |
| 210 | @a北京@c外文出版社@d2006 | |
| 215 | @a129页@c图@d24cm | |
| 510 | 1 | @aChinesisch lustig lesen@iChinesische Volkshumore@zger |
| 606 | 0 | @a汉语@x阅读教学@x对外汉语教学@j教材 |
| 606 | 0 | @a汉语 |
| 606 | 0 | @a阅读教学 |
| 690 | @aH195.5@v4 | |
| 801 | 0 | @aCN@bNLC@c20070805 |
| 905 | @dH195.5@e287:1@f3 | |
| 汉语轻松阅读.中国民间幽默=Chinesisch lustig lesen.Chinesische Volkshumore.-北京:外文出版社,2006 |
| 129页:图;24cm |
| ISBN 7-119-04355-2:CNY20.00 |
| ● |
| 相关链接 |
|
|
|
|
正题名:汉语轻松阅读
索取号:H195.5/287:1
 
预约/预借
| 序号 | 登录号 | 条形码 | 馆藏地/架位号 | 状态 | 备注 |
| 1 | 0852372 | 208523720 | 第二样本阅览室/ [索取号:H195.5/287:1] | 在馆 | |
| 2 | 0852373 | 208523739 | 第四借阅区/ [索取号:H195.5/287:1] | 在馆 | |
| 3 | 0852374 | 208523748 | 第四借阅区/ [索取号:H195.5/287:1] | 在馆 |